Fr. Conceicao Rodrigues College of Engineering

Pro/Engineer wildfire for Engineers & designers Release 2.0 (Record no. 21834)

MARC details
000 -LEADER
fixed length control field 00383nam a2200145Ia 4500
100 ## - MAIN ENTRY--PERSONAL NAME
Personal name Tickoo/ Sham
245 ## - TITLE STATEMENT
Title Pro/Engineer wildfire for Engineers & designers Release 2.0
260 ## - PUBLICATION, DISTRIBUTION, ETC.
Name of publisher, distributor, etc. Dreamtech
Place of publication, distribution, etc. NewDelhi
366 ## - TRADE AVAILABILITY INFORMATION
Publishers's discount category 15
300 ## - PHYSICAL DESCRIPTION
Extent 499
546 ## - LANGUAGE NOTE
Language note ENGLISH
650 ## - SUBJECT ADDED ENTRY--TOPICAL TERM
Topical term or geographic name entry element Automobiles
654 ## - SUBJECT ADDED ENTRY--FACETED TOPICAL TERMS
Focus term Pro/Engineer wildfire for Engineers & designers Release 2.0
942 ## - ADDED ENTRY ELEMENTS (KOHA)
Koha item type BOOK
Holdings
Withdrawn status Lost status Damaged status Not for loan Collection Home library Current library Shelving location Date acquired Source of acquisition Cost, normal purchase price Inventory number Total Checkouts Full call number Barcode Date last seen Cost, replacement price Price effective from Koha item type
        AFT Fr. Agnel's C.Rodrigues College of Engineering Fr. Agnel's C.Rodrigues College of Engineering   17/03/2023 S.Chand & Co.Ltd. 424.15 5105/23/02/2005   AFT7868 17/03/2023 499.00   BOOK